Emily Windsnap and the land of the midnight sun / (Record no. 48176)
| 000 -LEADER | |
|---|---|
| fixed length control field | 01228nam a2200157 4500 |
| 020 ## - INTERNATIONAL STANDARD BOOK NUMBER | |
| International Standard Book Number | 9781444003505 |
| 100 ## - MAIN ENTRY--PERSONAL NAME | |
| Personal name | Kessler, Liz. |
| 9 (RLIN) | 85924 |
| 245 ## - TITLE STATEMENT | |
| Title | Emily Windsnap and the land of the midnight sun / |
| Statement of responsibility, etc | Liz Kessler. |
| 260 ## - PUBLICATION, DISTRIBUTION, ETC. (IMPRINT) | |
| Place of publication, distribution, etc | London: |
| Name of publisher, distributor, etc | Orion Children's Books; |
| Date of publication, distribution, etc | 2012. |
| 300 ## - PHYSICAL DESCRIPTION | |
| Extent | 275 p. |
| Other physical details | ill. |
| Dimensions | 20 cm. |
| 520 ## - SUMMARY, ETC. | |
| Summary, etc | Emily is back in this fifth installment, which jumps right into the story-- there are horrible storms arising, and they are caused by Neptune's nightmares. Emily and her friend Aaron (who are both semi-Mer, which means that they can exist both above and below water) head up to Alaska to try to find out what is going on. It turns out that Neptune has a twin brother, Njord, with whom he fought. Njord has been frozen and immobile for years, but once he is unfrozen, things start to heat up. Njord is angry at Neptune, and wants to get back at him. When Neptune once again fools around with memories, letting the narwhal take those from many of the main characters, Njord sees this as an opportunity to strike. Will Njord be able to take over Neptune's kingdom? |
| 650 ## - SUBJECT ADDED ENTRY--TOPICAL TERM | |
| Topical term or geographic name as entry element | Mermaids. |
| Form subdivision | Fiction. |
| 655 ## - INDEX TERM--GENRE/FORM | |
| Genre/form data or focus term | Fantasy. |
| 9 (RLIN) | 56253 |
| 700 ## - ADDED ENTRY--PERSONAL NAME | |
| Relator code | illustrator. |
| Personal name | Natacha Ledwidge. |
| 9 (RLIN) | 85925 |
| 942 ## - ADDED ENTRY ELEMENTS (KOHA) | |
| Source of classification or shelving scheme | |
| Koha item type | J FIC BOOKS |
| Withdrawn status | Lost status | Source of classification or shelving scheme | Damaged status | Not for loan | Collection code | Home library | Current library | Shelving location | Date acquired | Full call number | Barcode | Date last seen | Price effective from | Koha item type |
|---|---|---|---|---|---|---|---|---|---|---|---|---|---|---|
| SECONDARY | Asian Hope Secondary Library | Asian Hope Secondary Library | Junior Fiction | 01/13/2025 | J FIC KES | 207425 | 01/16/2026 | 01/13/2025 | J FIC BOOKS |